1673 1349 1073 1517 1392 1161 1932 1613 1067 1901 1249 1732 1133 1089 1752 1612 1597 1635 1040 1057 1988 1859 1678 1946 1590 1644 1297 1026 1093 1379 1229 1270 1953 1497 1056 1425 1774 1964 1755 1196 1755 1184 1216 1482 1326 1154 1854 1382 1330 1799 1433 1430 1507 1659 1302 1606 1695 1109 1000 1220 1454 1882 1799 1114 1142 1515 1136 1783 1339 1904 1296 1699 1299 1903 1400 1626 1496 1162 1772 1424 1189 1490 1884 1969 1714 1864 1382 1001 1371 1981 1025 1626 1114 1818 1065 1801 1180 1581 1564 BCNSPRNW ULIB Ver.6.0+V

เปลี่ยนเป็นภาษาไทย

Change to English
 แสดงรายละเอียดบรรณานุกรม
  กลับหน้าหลัก

Brief Record : Get Marc (ISO 2709) : E-mail record : QR code < ปิดหน้าต่าง
LEADER : 00000nam 2200000uu 4500
001    13399121917
003     ULIB
008    121213s2553||||th 000 0 tha d
020    ^a9789741112180
060 04 ^aWN440^bM939 2553
245 00 ^aMRI :^bหลักการและความปลอดภัยในการใช้งาน /^cบรรณาธิการ,ไพรัช สายวิรุณพร
250    ^aพิมพ์ครั้งที่ 1
260    ^aกรุงเทพฯ :^bโครงการตำรา-ศิริราชสำนักงานรองคณบดีฝ่ายวิชาการ คณะแพทยศาสตร์ศิริราชพยาบาล มหาวิทยาลัยมหิดล,^c2553
300    ^a145, [4] หน้า :^bภาพประกอบ ;^c29 ซม.
440  0 ^aโครงการตำรา-ศิริราช
650  7 ^aความปลอดภัยในการทำงาน
650  7 ^aแมกเนติก เรโซเนนซ์ อิแมจจิง
653    ^aผลงานอาจารย์คณะแพทยศาสตร์ศิริราชพยาบาล
700 0  ^aไพรัช สายวิรุณพร,^eบรรณาธิการ
710 2  ^aมหาวิทยาลัยมหิดล. ^bคณะแพทยศาสตร์ศิริราชพยาบาล.^bสำนักงานรองคณบดีฝ่ายวิชาการ. ^bโครงการตำรา-ศิริราช
945    ^p450^l0^i17035
945    ^p450^l0^i17036
995    ^aทศพร
999    ^aทศพร เกษรทอง
รายการนี้ยังไม่มีแท็ก
คุณยังไม่ได้ล็อกอิน คุณสามารถมีกิจกรรมร่วมกับเว็บไซต์ได้ แต่ต้องล็อกอินก่อน ::
  ล็อกอิน

รายการสื่อสารสนเทศ

ลำดับที่ ประเภท เลขเรียก/บาร์โค้ด สถานที่ สถานะ
1. วิทยาศาสตร์การแพทย์ และสุขภาพ
วิทยาศาสตร์การแพทย์ และสุขภาพ
สถานะ=หนังสือเก่า
WN440 M939 2553 ฉ.1 
  Barcode: 17035
ห้องสมุดวิทยาเขตนครสวรรค์
►ส่วนจัดเก็บหนังสือเก่า นว.
บนชั้น
  ขอยืม
2. วิทยาศาสตร์การแพทย์ และสุขภาพ
วิทยาศาสตร์การแพทย์ และสุขภาพ
สถานะ=หนังสือเก่า
WN440 M939 2553 ฉ.2 
  Barcode: 17036
ห้องสมุดวิทยาเขตนครสวรรค์
►ส่วนจัดเก็บหนังสือเก่า นว.
บนชั้น
  ขอยืม

รายการใกล้เคียง
    หัวเรื่อง [ความปลอดภัยในการทำงาน]
    หัวเรื่อง [แมกเนติก เรโซเนนซ์ อิแมจจิง]

BibComment


ยังไม่เคยถูกคอมเมนท์

คอมเมนท์ทรัพยากรรายการนี้
  คอมเมนท์: MRI หลักการและค..


 Copyright 2026. Bcnsprnw @Library